000 004760000a22001570004500
090 _aAS
_bSeriadas
245 1 0 _aHacia la conservación de las especies amenazadas de Colombia
041 0 _aEspañol
700 1 _aAlvarez León, Ricardo
_91884
700 1 _aConstantino, Emilio
_94160
700 1 _aRenjifo , Luis Miguel
_9100178
700 1 _aRodríguez, José Vicente
_96976
100 1 _aFranco, Ana María
_9408
942 _cARTICULO
773 1 _tBiosintesis
_h11
_q1-4
_d1999
999 _c15924
_d15924